| 000 -CABECERA |
| Longitud fija campo de control |
00583nam a2200193 a 4500 |
| 001 - NÚMERO DE CONTROL |
| Número de control |
3055 |
| 003 - IDENTIFICADOR DEL NÚMERO DE CONTROL |
| Identificador del número de control |
CDMR |
| 005 - FECHA Y HORA DE LA ÚLTIMA TRANSACCIÓN |
| Fecha y hora de la última transacción |
20131118124133.0 |
| 008 - CÓDIGOS DE INFORMACIÓN DE LONGITUD FIJA |
| Códigos de información de longitud fija |
130130s ||||||||||||||||||||||||||||d |
| 040 ## - FUENTE DE LA CATALOGACIÓN |
| Centro catalogador de origen |
CDMR |
| Lengua de catalogación |
cat |
| Centro transcriptor |
CDMR |
| 100 1# - PUNTO DE ACCESO PRINCIPAL-NOMBRE DE PERSONA |
| 9 (RLIN) |
2236 |
| Nombre de persona |
Pella Forgas, Josep |
| Fechas asociadas al nombre |
1852-1918 |
| 245 10 - MENCIÓN DE TÍTULO |
| Título |
Periodisme |
| Resto del título |
: estudis histórichs del de Catalunya |
| Mención de responsabilidad, etc. |
[Josep Pella y Forgas] |
| 260 ## - PUBLICACIÓN, DISTRIBUCIÓN, ETC. (PIE DE IMPRENTA) |
| Lugar de publicación, distribución, etc. |
[Barcelona |
| Nombre del editor, distribuidor, etc. |
La Renaixensa |
| Fecha de publicación, distribución, etc. |
s.d] |
| 500 ## - NOTA GENERAL |
| Nota general |
Recull d'articles |
| 650 04 - PUNTO DE ACCESO ADICIONAL DE MATERIA - TÉRMINO DE MATERIA |
| 9 (RLIN) |
1348 |
| Término de materia o nombre geográfico como elemento inicial |
Renaixença |
| 650 04 - PUNTO DE ACCESO ADICIONAL DE MATERIA - TÉRMINO DE MATERIA |
| 9 (RLIN) |
1524 |
| Término de materia o nombre geográfico como elemento inicial |
Premsa |
| Subdivisión de materia general |
Història |
| Subdivisión geográfica |
Catalunya |
| 650 04 - PUNTO DE ACCESO ADICIONAL DE MATERIA - TÉRMINO DE MATERIA |
| 9 (RLIN) |
4083 |
| Término de materia o nombre geográfico como elemento inicial |
Premsa |
| Subdivisión de forma |
Bibliografia |
| 942 ## - ENTRADA DE ELEMENTOS AGREGADOS (KOHA) |
| Koha [por defecto] tipo de item |
Fullets |
| Fuente de clasificaión o esquema |
|